[Event "Tenerife-chT"]
[Site "Tenerife"]
[Date "2013.03.16"]
[Round "8.1"]
[White "Rodriguez Vera, Gregorio"]
[Black "Exposito Afonso, Ramon"]
[Result "1-0"]
[WhiteElo "2113"]
[BlackElo "1975"]
[PlyCount "71"]
[EventDate "2013.01.19"]
[EventType "team-tourn"]
[EventRounds "14"]
[EventCountry "ESP"]
[SourceTitle "EXT 2014"]
[Source "ChessBase"]
[SourceDate "2013.11.20"]
[SourceVersion "1"]
[SourceVersionDate "2013.11.20"]
[SourceQuality "1"]
[WhiteTeam "Laguna Cotelec"]
[BlackTeam "San Benito"]
[WhiteTeamCountry "ESP"]
[BlackTeamCountry "ESP"]

1. e4 c5 2. Nf3 Nc6 3. c3 d5 4. exd5 Qxd5 5. d4 e6 6. Be3 cxd4 7. cxd4 Nf6 8. Nc3 Qa5 9. a3 Be7 10. Be2 0-0 11. 0-0 Bd7 12. b4 Qd8 13. Qb3 Rc8 14. Rac1 Nb8 15. Ne5 Bc6 16. Nxc6 bxc6 17. Qa4 Qd7 18. Rfd1 Rfd8 19. Bf4 Nd5 20. Nxd5 cxd5 21. Qxd7 Nxd7 22. Ba6 Rxc1 23. Rxc1 Nb6 24. Rc7 Rd7 25. Rxd7 Nxd7 26. Bb5 Nb6 27. Bb8 Nc4 28. Bxc4 dxc4 29. Kf1 a6 30. Ke2 Bf6 31. Be5 Bg5 32. f4 Bd8 33. Kd2 f6 34. Bd6 a5 35. Kc3 axb4+ 36. axb4 1-0

[Event "Tenerife-chT"]
[Site "Tenerife"]
[Date "2013.01.26"]
[Round "2.2"]
[White "Abreu Suarez, Isauro"]
[Black "Rodriguez Vera, Gregorio"]
[Result "0-1"]
[WhiteElo "2022"]
[BlackElo "2113"]
[PlyCount "72"]
[EventDate "2013.01.19"]
[EventType "team-tourn"]
[EventRounds "14"]
[EventCountry "ESP"]
[SourceTitle "EXT 2014"]
[Source "ChessBase"]
[SourceDate "2013.11.20"]
[SourceVersion "1"]
[SourceVersionDate "2013.11.20"]
[SourceQuality "1"]
[WhiteTeam "Canarias 64"]
[BlackTeam "Laguna Cotelec"]
[WhiteTeamCountry "ESP"]
[BlackTeamCountry "ESP"]

1. b4 Nf6 2. Bb2 e6 3. b5 a6 4. a4 c5 5. e3 d5 6. c4 dxc4 7. Bxc4 axb5 8. axb5 Rxa1 9. Bxa1 Nbd7 10. Nf3 Nb6 11. Be2 Bd7 12. Nc3 Bd6 13. d4 c4 14. 0-0 0-0 15. e4 Bb4 16. Qb1 Qe7 17. Na2 Ba5 18. Rc1 Qa3 19. Ne5 Bxb5 20. Qxb5 Qxa2 21. Bf3 c3 22. g3 Rc8 23. Kg2 c2 24. Bb2 Qa4 25. Qd3 Bb4 26. d5 exd5 27. exd5 Bd6 28. h4 h6 29. Qf5 Qb3 30. Ba1 Ra8 31. Ng4 Nxg4 32. Qxg4 Rxa1 33. Rxa1 Qb2 34. Re1 c1Q 35. Re8+ Bf8 36. Be4 Qba1 0-1

[Event "Tenerife op 22nd"]
[Site "Santa Cruz de Tenerife"]
[Date "2011.12.27"]
[Round "7"]
[White "Rodriguez Vera, Gregorio"]
[Black "Barlov, Dragan"]
[Result "0-1"]
[WhiteElo "2137"]
[BlackElo "2450"]
[PlyCount "65"]
[EventDate "2011.12.18"]
[EventType "swiss"]
[EventRounds "9"]
[EventCountry "ESP"]
[SourceTitle "CBM 146 Extra"]
[Source "ChessBase"]
[SourceDate "2012.02.29"]
[SourceVersion "1"]
[SourceVersionDate "2012.02.29"]
[SourceQuality "1"]

1. e4 c5 2. Nf3 e6 3. Nc3 a6 4. d4 cxd4 5. Nxd4 Qc7 6. Be3 Nf6 7. Bd3 Bb4 8. Nde2 Nc6 9. 0-0 Be7 10. Kh1 b5 11. Bf4 d6 12. Ng3 0-0 13. h3 Bb7 14. Be3 Ne5 15. f4 Nc4 16. Bc1 Rac8 17. b3 Nb6 18. Bd2 b4 19. Nce2 d5 20. e5 Ne4 21. Be3 f5 22. Bxe4 dxe4 23. Nd4 Nd5 24. Bc1 Qb6 25. Qd2 a5 26. a4 Ba6 27. Nb5 Bxb5 28. axb5 Qxb5 29. Bb2 Rfd8 30. Qf2 Bc5 31. Qe2 Qxe2 32. Nxe2 Ne3 33. Bc1 0-1

[Event "Tenerife op 19th"]
[Site "Tenerife"]
[Date "2009.01.13"]
[Round "8"]
[White "Cabrera Trujillo, Jorge Juan"]
[Black "Rodriguez Vera, Gregorio"]
[Result "1-0"]
[WhiteElo "2439"]
[BlackElo "2146"]
[PlyCount "57"]
[EventDate "2008.12.29"]
[EventType "swiss"]
[EventRounds "9"]
[EventCountry "ESP"]
[SourceTitle "CBM 128 Extra"]
[Source "ChessBase"]
[SourceDate "2009.03.05"]
[SourceVersion "2"]
[SourceVersionDate "2009.03.25"]
[SourceQuality "1"]

1. e4 e5 2. Nf3 Nc6 3. Bb5 a6 4. Ba4 d6 5. c3 Bd7 6. 0-0 Nge7 7. d4 h6 8. Be3 Ng6 9. Nbd2 Be7 10. d5 Nb8 11. c4 0-0 12. Bxd7 Nxd7 13. b4 b6 14. Qc2 a5 15. a3 Nf6 16. h3 Nh7 17. c5 bxc5 18. bxc5 Ng5 19. Rfc1 Nf4 20. Bxf4 exf4 21. c6 Qc8 22. Rab1 f5 23. exf5 Rxf5 24. Rb7 Nxh3+ 25. gxh3 Rh5 26. Qg6 Qxh3 27. Qe6+ Qxe6 28. dxe6 Rc8 29. Rcb1 1-0

[Event "Tenerife op 19th"]
[Site "Tenerife"]
[Date "2009.01.08"]
[Round "5"]
[White "Rodriguez Vera, Gregorio"]
[Black "Darias Darias, Luis"]
[Result "1-0"]
[WhiteElo "2146"]
[BlackElo "1991"]
[PlyCount "79"]
[EventDate "2008.12.29"]
[EventType "swiss"]
[EventRounds "9"]
[EventCountry "ESP"]
[SourceTitle "CBM 128 Extra"]
[Source "ChessBase"]
[SourceDate "2009.03.05"]
[SourceVersion "2"]
[SourceVersionDate "2009.03.25"]
[SourceQuality "1"]

1. e4 e6 2. d4 d5 3. Nd2 Nf6 4. e5 Nfd7 5. Bd3 c5 6. c3 cxd4 7. cxd4 Nc6 8. Ne2 Qb6 9. Nf3 Bb4+ 10. Bd2 Bxd2+ 11. Qxd2 Qb4 12. Rc1 Qxd2+ 13. Kxd2 f6 14. Bb5 fxe5 15. Bxc6 bxc6 16. Nxe5 Nxe5 17. dxe5 Kd7 18. Nd4 Rb8 19. Rxc6 Rxb2+ 20. Ke3 Rb6 21. Rhc1 Rxc6 22. Rxc6 Re8 23. f4 g6 24. h4 Kd8 25. a4 Re7 26. a5 Kd7 27. g3 Kd8 28. Kd2 Kd7 29. Kc3 Kd8 30. Kb4 Kd7 31. Kc5 Re8 32. Nb5 a6 33. Nd6 Rd8 34. Kb6 Ke7 35. Nxc8+ Kf7 36. Nd6+ Kg7 37. Kc5 Rb8 38. Rb6 Ra8 39. Rb7+ Kg8 40. Rc7 1-0

[Event "Tenerife op 19th"]
[Site "Tenerife"]
[Date "2009.01.02"]
[Round "3"]
[White "Rodriguez Vera, Gregorio"]
[Black "Garcia Iglesias, Jose Carlos"]
[Result "1-0"]
[WhiteElo "2146"]
[BlackElo "1444"]
[PlyCount "75"]
[EventDate "2008.12.29"]
[EventType "swiss"]
[EventRounds "9"]
[EventCountry "ESP"]
[SourceTitle "CBM 128 Extra"]
[Source "ChessBase"]
[SourceDate "2009.03.05"]
[SourceVersion "2"]
[SourceVersionDate "2009.03.25"]
[SourceQuality "1"]

1. e4 e5 2. Nf3 Nc6 3. Bb5 a6 4. Ba4 Nf6 5. Bxc6 dxc6 6. d3 Bg4 7. h3 Bxf3 8. Qxf3 Bb4+ 9. Bd2 Qd6 10. a3 Bxd2+ 11. Nxd2 b5 12. 0-0 0-0 13. Rfe1 Rfd8 14. Nf1 Nd7 15. Ne3 Nf8 16. Nf5 Qf6 17. a4 Ne6 18. Qg3 Nd4 19. Nxd4 Rxd4 20. axb5 cxb5 21. Ra5 Rb8 22. Rea1 Rb6 23. Qg4 Rc6 24. Rxa6 Rxa6 25. Qc8+ Rd8 26. Qxa6 Qxa6 27. Rxa6 f6 28. Ra7 Rc8 29. Rb7 c6 30. b3 Ra8 31. Rc7 Ra6 32. Kf1 h5 33. Ke2 g5 34. Ke3 Kf8 35. d4 Rb6 36. dxe5 fxe5 37. g3 Ra6 38. f4 1-0

[Event "La Laguna op 2nd"]
[Site "La Laguna"]
[Date "2008.04.22"]
[Round "2"]
[White "Rodriguez Vera, Gregorio"]
[Black "Timoshenko, Georgy"]
[Result "0-1"]
[WhiteElo "2176"]
[BlackElo "2568"]
[PlyCount "40"]
[EventDate "2008.04.21"]
[EventType "swiss"]
[EventRounds "9"]
[EventCountry "ESP"]
[SourceTitle "CBM 123 Extra"]
[Source "ChessBase"]
[SourceDate "2008.05.06"]
[SourceVersion "1"]
[SourceVersionDate "2008.05.06"]
[SourceQuality "1"]

1. e4 c5 2. Nf3 Nc6 3. Bb5 d6 4. Bxc6+ bxc6 5. d3 e5 6. Nbd2 Be7 7. Nc4 f5 8. exf5 Bxf5 9. 0-0 Nf6 10. Ne3 Bd7 11. Nd2 0-0 12. f4 exf4 13. Rxf4 g6 14. Ne4 d5 15. Nxf6+ Bxf6 16. Ng4 Bxg4 17. Qxg4 Qe7 18. Bd2 Bd4+ 19. Rxd4 cxd4 20. Bh6 Rae8 0-1

[Event "La Laguna op 1st"]
[Site "La Laguna"]
[Date "2007.03.11"]
[Round "8"]
[White "Zambrana, Oswaldo"]
[Black "Rodriguez Vera, Gregorio"]
[Result "1-0"]
[WhiteElo "2495"]
[BlackElo "2169"]
[PlyCount "89"]
[EventDate "2007.03.05"]
[EventType "swiss"]
[EventRounds "9"]
[EventCountry "ESP"]
[SourceTitle "CBM 117 Extra"]
[Source "ChessBase"]
[SourceDate "2007.05.09"]
[SourceVersion "1"]
[SourceVersionDate "2007.05.09"]
[SourceQuality "1"]

1. e4 e5 2. Nf3 Nc6 3. Bc4 d6 4. 0-0 Be7 5. Re1 Nf6 6. d3 Na5 7. Bb3 Nxb3 8. axb3 0-0 9. d4 d5 10. Bg5 exd4 11. e5 Nd7 12. Bxe7 Qxe7 13. Qxd4 Nb6 14. b4 Bf5 15. Qc3 Rfc8 16. Nd4 Bd7 17. Ra5 c6 18. Nd2 Re8 19. Raa1 Qg5 20. Re3 Rxe5 21. Rg3 Qf6 22. N2b3 Rae8 23. Nf3 Rf5 24. Rxa7 Bc8 25. h3 Qxc3 26. bxc3 Rf4 27. Nbd4 Rfe4 28. Nd2 Re1+ 29. Kh2 Kf8 30. N2b3 Nc4 31. Ra8 Bd7 32. Ra2 Bc8 33. Ra7 Rb1 34. Rd3 f5 35. Nc5 f4 36. Nf3 Nd6 37. Rd4 Ne4 38. Nxe4 dxe4 39. Ng5 e3 40. Rxf4+ Kg8 41. fxe3 Rxe3 42. Ra8 Re8 43. Rf7 Rd1 44. Rxb7 h6 45. Rc7 1-0

[Event "La Laguna op 1st"]
[Site "La Laguna"]
[Date "2007.03.08"]
[Round "5"]
[White "Rodriguez Vera, Gregorio"]
[Black "Herraiz Hidalgo, Herminio"]
[Result "0-1"]
[WhiteElo "2169"]
[BlackElo "2498"]
[PlyCount "51"]
[EventDate "2007.03.05"]
[EventType "swiss"]
[EventRounds "9"]
[EventCountry "ESP"]
[SourceTitle "CBM 117 Extra"]
[Source "ChessBase"]
[SourceDate "2007.05.09"]
[SourceVersion "1"]
[SourceVersionDate "2007.05.09"]
[SourceQuality "1"]

1. e4 e6 2. d4 d5 3. e5 c5 4. Nf3 Nc6 5. Bd3 cxd4 6. 0-0 Nge7 7. Bf4 Ng6 8. Bg3 Be7 9. Re1 0-0 10. Bxg6 fxg6 11. Nxd4 Qb6 12. Nb3 a5 13. a4 Bd7 14. N1d2 Rac8 15. Nf3 g5 16. c3 g4 17. Nfd4 Nxd4 18. Nxd4 Qxb2 19. Ne2 Bg5 20. Rb1 Qa2 21. Rxb7 Bxa4 22. Qd4 Qd2 23. Kf1 Bc6 24. Ra7 Rb8 25. Qxg4 Qxe1+ 26. Kxe1 0-1